| 000 | 01851nam a2200253Ia 4500 | ||
|---|---|---|---|
| 008 | 260220t1960||||xx |||||||||||||| ||spa|| | ||
| 040 |
_aPY-SlUNAC _bspa _erda |
||
| 041 | _aspa | ||
| 082 |
_a512.7 _bN644t |
||
| 100 |
_aNiven, Ivan _eAutor |
||
| 245 | 0 |
_aTeoría de números / _cpor Ivan Niven [Autor] y Herbst S. Zuckerman [Autor] |
|
| 264 |
_aSantiago de Chile : _b[Editorial no identificada], _c℗1960. |
||
| 300 | _a1 volumen | ||
| 520 | _aEn "Teoría de números", Ivan Niven presenta una exposición detallada y rigurosa de los principios fundamentales de la teoría de números, una rama de las matemáticas que estudia las propiedades de los números enteros. A lo largo del texto, Niven aborda conceptos clave como divisibilidad, congruencias, y los teoremas de los números primos, ofreciendo un enfoque tanto teórico como práctico. El autor también incluye una variedad de problemas y ejercicios que permiten al lector aplicar los conceptos aprendidos, fomentando una comprensión más profunda de los temas tratados. Con un estilo claro y accesible, Niven logra conectar la teoría con aplicaciones concretas, lo que hace que el libro sea útil tanto para estudiantes como para matemáticos experimentados. Además, se discuten áreas avanzadas como la teoría de los números algebraicos y la teoría analítica, proporcionando un panorama completo de la disciplina. En conjunto, la obra es un recurso valioso para aquellos interesados en explorar las complejidades y la belleza inherentes a la teoría de números. | ||
| 653 | _aCiencia matemática | ||
| 653 | _aMatemáticas | ||
| 653 | _aTeoría de números | ||
| 700 |
_aZuckerman, Herbst S. _eAutor |
||
| 942 |
_b2026/02/17 _cBK |
||
| 999 |
_c7485 _d7485 |
||